000 01229nam a2200313Ia 4500
001 ebr10404885
003 CaPaEBR
006 m u
007 cr cn|||||||||
008 091215s2010 mdu sb 001 0 eng d
010 _z 2009052720
020 _z9780739122761 (cloth : alk. paper)
020 _z9780739147054 (electronic)
040 _aCaPaEBR
_cCaPaEBR
035 _a(OCoLC)665834163
050 1 4 _aBC91
_b.C42 2010eb
082 0 4 _a161.0954
_222
100 1 _aChakrabarti, Kisor Kumar.
245 1 0 _aClassical Indian philosophy of induction
_h[electronic resource] :
_bthe Nyaya viewpoint /
_cKisor Kumar Chakrabarti.
260 _aLanham, Md. :
_bLexington Books,
_cc2010.
300 _axv, 311 p.
504 _aIncludes bibliographical references and index.
533 _aElectronic reproduction.
_bPalo Alto, Calif. :
_cebrary,
_d2010.
_nAvailable via World Wide Web.
_nAccess may be limited to ebrary affiliated libraries.
650 0 _aInduction (Logic)
_zIndia
_xHistory.
650 0 _aNyaya.
655 7 _aElectronic books.
_2local
710 2 _aebrary, Inc.
856 4 0 _uhttp://site.ebrary.com/lib/rucke/Doc?id=10404885
_zAn electronic book accessible through the World Wide Web; click to view
999 _c184988
_d184988